RESEARCH METHODOLOGY METHODS AND TECHNIQUES (Record no. 9078)

MARC details
000 -LEADER
fixed length control field 00498nam a22001817a 4500
005 - DATE AND TIME OF LATEST TRANSACTION
control field 20260310165739.0
008 - FIXED-LENGTH DATA ELEMENTS--GENERAL INFORMATION
fixed length control field 260310b |||||||| |||| 00| 0 eng d
020 ## - INTERNATIONAL STANDARD BOOK NUMBER
ISBN 978-93-89802-55-9
041 ## - LANGUAGE CODE
Language code of text/sound track or separate title eng
082 ## - DEWEY DECIMAL CLASSIFICATION NUMBER
Classification number 001.42 KOT-R
100 ## - MAIN ENTRY--AUTHOR NAME
Personal name KOTHARI, C R AND GARG, GAURAV
245 ## - TITLE STATEMENT
Title RESEARCH METHODOLOGY METHODS AND TECHNIQUES
250 ## - EDITION STATEMENT
Edition statement 5TH ED. 2024
260 ## - PUBLICATION, DISTRIBUTION, ETC. (IMPRINT)
Place of publication NEW DELHI
Name of publisher NEW AGE INTERNATIONAL LIMITED PUBLISHERS
Year of publication 2024
300 ## - PHYSICAL DESCRIPTION
Number of Pages 464;P
650 ## - SUBJECT ADDED ENTRY--TOPICAL TERM
Topical Term LAW
942 ## - ADDED ENTRY ELEMENTS (KOHA)
Koha item type Books
Holdings
Lost status Damaged status Collection code Home library Current library Shelving location Date acquired Source of acquisition Cost, normal purchase price Serial Enumeration / chronology Full call number Accession Number Koha item type
    LAW JRU Library JRU Library NEW ARRIVAL SHELF 09/03/2026 PURCHASE 499.00 LBI/000882 DATE-06/03/2026 001.42 KOT-R 29363 Books
    LAW JRU Library JRU Library NEW ARRIVAL SHELF 09/03/2026 PURCHASE 499.00 LBI/000882 DATE-06/03/2026 001.42 KOT-R 29364 Books